000
00269nam a2200097Ia 4500
001
641646
005
20250826153511.0
008
250824s9999 xx 000 0 und d
245
0
_a
SEÇME HİKAYELER ÇEHOV GENÇLİK KLASİKLERİ
_c
ANTON ÇEHOV
260
_b
TİMAŞ ÇOCUK
999
_c
641646
_d
641646